000 00568nam a2200217 a 4500
001 19926
003 CO-ViMGA
008 141112s2004 ck r 000 u spa d
020 _a9580464162
040 _aCO-ViMGA
_bspa
_cCO-ViMGA
082 0 4 _aBr 869.3 F657h
100 1 _aFonseca, Rubem
_928927
245 1 0 _aHistorias de amor
260 _aBogotá :
_bNorma,
_c2001
300 _a116 p.
490 _aLa otra orilla
590 _aForma de adquisición : Premio Mincultura
650 1 4 _aAMOR - CUENTOS
_92187
650 1 4 _aCUENTOS BRASILEÑOS
942 _2ddc
_cBK
999 _c29048
_d29048